[Event "Robecchetto op-C 25th"]
[Site "Robecchetto"]
[Date "2014.12.29"]
[Round "6"]
[White "Beltrami, Iacopo"]
[Black "Vitale, Aurora"]
[Result "0-1"]
[WhiteElo "1642"]
[BlackElo "1410"]
[PlyCount "44"]
[EventDate "2014.12.26"]
[EventType "swiss"]
[EventRounds "6"]
[EventCountry "ITA"]
[SourceTitle "EXT 2024"]
[Source "ChessBase"]
[SourceDate "2023.10.10"]
[SourceVersion "1"]
[SourceVersionDate "2023.10.10"]
[SourceQuality "1"]

1. e4 e5 2. Nf3 Nc6 3. Bc4 Bc5 4. 0-0 Nf6 5. d4 exd4 6. e5 Ng4 7. Bxf7+ Kf8 8. Bh5 Ncxe5 9. Nxe5 Nxe5 10. Re1 d6 11. f4 Ng6 12. Qd3 Qf6 13. Qe4 Bf5 14. Qxb7 Rc8 15. Nd2 Qh4 16. Nf3 Qxh5 17. b4 Bb6 18. Qd5 Bg4 19. Ng5 Ne7 20. Ne6+ Kf7 21. Ng5+ Kf8 22. h3 d3+ 0-1

[Event "Robecchetto op-C 25th"]
[Site "Robecchetto"]
[Date "2014.12.28"]
[Round "4"]
[White "Vitale, Aurora"]
[Black "Bolognese, Leonardo"]
[Result "1-0"]
[WhiteElo "1410"]
[BlackElo "1488"]
[PlyCount "73"]
[EventDate "2014.12.26"]
[EventType "swiss"]
[EventRounds "6"]
[EventCountry "ITA"]
[SourceTitle "EXT 2024"]
[Source "ChessBase"]
[SourceDate "2023.10.10"]
[SourceVersion "1"]
[SourceVersionDate "2023.10.10"]
[SourceQuality "1"]

1. e4 e5 2. Nf3 Nc6 3. Bc4 Nf6 4. Nc3 Bc5 5. d3 d6 6. Be3 Bxe3 7. fxe3 Bg4 8. 0-0 0-0 9. h3 Bxf3 10. Qxf3 Ne7 11. d4 Ng6 12. Nd5 exd4 13. exd4 Nxd5 14. Bxd5 Qe7 15. Bxb7 Rab8 16. Bd5 Rxb2 17. Bb3 d5 18. exd5 Qb4 19. Rad1 a5 20. a4 Ne7 21. Qe3 Nc8 22. Qc1 Qa3 23. Rd3 Nd6 24. Re1 c5 25. dxc5 Qxc5+ 26. Kh1 Qa3 27. Qf4 Qb4 28. Qxb4 axb4 29. a5 Ra8 30. Ra1 Ne4 31. Rd4 f5 32. Rxb4 Nd2 33. a6 Nxb3 34. cxb3 Ra7 35. Rb7 Rxb7 36. axb7 Rxb3 37. Ra8+ 1-0

[Event "Lombardia Region-ch"]
[Site "Solaro"]
[Date "2011.05.28"]
[Round "3"]
[White "Mondini, Francesco"]
[Black "Vitale, Aurora"]
[Result "1-0"]
[WhiteElo "1539"]
[BlackElo "1416"]
[PlyCount "111"]
[EventDate "2011.05.27"]
[EventType "swiss"]
[EventRounds "5"]
[EventCountry "ITA"]
[SourceTitle "EXT 2023"]
[Source "ChessBase"]
[SourceDate "2022.10.05"]
[SourceVersion "1"]
[SourceVersionDate "2022.10.05"]
[SourceQuality "1"]

1. e4 e5 2. Nf3 Nc6 3. Bc4 d6 4. d4 g6 5. dxe5 dxe5 6. Qxd8+ Kxd8 7. 0-0 Nf6 8. Bg5 Be7 9. Nc3 Nd4 10. Rad1 c5 11. Nxe5 Be6 12. Bxe6 fxe6 13. Nf7+ Kd7 14. Nxh8 Rxh8 15. Nb5 Nxe4 16. Nxd4 Bxg5 17. Nf3+ Ke7 18. Nxg5 Nxg5 19. Rd3 Ne4 20. Rfd1 Rf8 21. Rd7+ Kf6 22. f3 Ng5 23. Rxb7 a6 24. Re1 h5 25. Rb6 a5 26. h4 Nf7 27. Rbxe6+ Kg7 28. Re7 Rb8 29. Rc7 Kf8 30. Ree7 Nd6 31. Rh7 Nf7 32. Rhxf7+ Kg8 33. Rg7+ Kh8 34. Rxg6 Re8 35. Rb6 Kg8 36. Rbc6 Kf8 37. Rc8 Rxc8 38. Rxc8+ Ke7 39. Rxc5 a4 40. Kf2 Kd6 41. Rxh5 Kc6 42. Ke3 Kb6 43. Kd4 Kc6 44. c4 Kd6 45. Rh6+ Kc7 46. Kd5 Kb7 47. Kc5 Ka7 48. Kb5 Kb7 49. Rh7+ Kc8 50. Kc6 Kd8 51. Kd6 Ke8 52. Ke6 Kf8 53. Kf6 Kg8 54. Ra7 Kh8 55. Kg6 Kg8 56. Ra8# 1-0